| 000 | 00772nam a2200241 i 4500 | ||
|---|---|---|---|
| 001 | 186982 | ||
| 003 | SpMaBN | ||
| 005 | 20250830020108.0 | ||
| 008 | 170321s1984 sp |||| | | ||
| 020 | _a84-254-0899-7 | ||
| 080 | _a23 | ||
| 100 | 1 |
_aSheed, F. J. _9106043 |
|
| 245 | 1 | 0 |
_aTeología y sensatez / _cF.J. Sheed ; [versión directa del inglés por Ginés Arimón y Arsenio Pacheco]. |
| 250 | _a4ª ed. | ||
| 260 |
_aBarcelona : _bHerder, _c1984. |
||
| 300 |
_a423 p. ; _c22 cm. |
||
| 500 | _aÍndice. | ||
| 650 | 0 | 7 |
_aTeología dogmática _2embne _917468 |
| 700 | 1 |
_aArimón, Ginés. _922833 |
|
| 700 | 1 |
_aPacheco, Arseni. _988116 |
|
| 852 |
_aES-MaACL _jL-31300 _z. - Donat. herederos de la bibl. de Mª del Pilar Costa Palacín |
||
| 999 |
_c186982 _d186982 |
||